Numéro 7 de la Juventus depuis 1990 - Statistiques

Statistiques générales
  • Ce quiz a été pris 125 fois
  • Le résultat moyen est 3 sur 12
Statistiques - réponses
Année portant le numéro Joueurs matchs joués dans le club % Correct
2018 - 2021 Cristiano Ronaldo 134
97%
2016 - 2018 Juan Cuadrado 250*
56%
2022 - Dušan Vlahović 0*
51%
2011 - 2015 Simone Pepe 95
19%
1995 - 1996 Didier Deschamps 180
12%
2015 - 2017 Simone Zaza 24
12%
1996 - 1999 Angelo Di Livio 186
10%
1999 - 2006 Gianluca Pessotto 408
8%
1992 - 1994 Antonio Conte 412
6%
2007 - 2011 Hasan Salihamidžić 73
5%
1990 - 1993 Paolo Di Canio 58
4%
1992 - 1994 Giancarlo Marocchi 213
2%
Aucun quiz correspondant
Distribution des résultats
% des personnes avec chaque résultat
Percentile par nombre de réponses
Votre historique - résultats
Vous n’avez pas pris ce quiz